<?xml version="1.0" encoding="UTF-8"?>
<record
    xmlns:xsi="http://www.w3.org/2001/XMLSchema-instance"
    xsi:schemaLocation="http://www.loc.gov/MARC21/slim http://www.loc.gov/standards/marcxml/schema/MARC21slim.xsd"
    xmlns="http://www.loc.gov/MARC21/slim">

  <leader>01477cam a2200157   4500500</leader>
  <controlfield tag="005">20260329012330.0</controlfield>
  <datafield tag="041" ind1=" " ind2=" ">
    <subfield code="a">fre</subfield>
  </datafield>
  <datafield tag="042" ind1=" " ind2=" ">
    <subfield code="a">dc</subfield>
  </datafield>
  <datafield tag="100" ind1="1" ind2="0">
    <subfield code="a">Sibony, Judith</subfield>
    <subfield code="e">author</subfield>
  </datafield>
  <datafield tag="245" ind1="0" ind2="0">
    <subfield code="a">Le Renard et La Fontaine&#xA0;: autoportrait</subfield>
  </datafield>
  <datafield tag="260" ind1=" " ind2=" ">
    <subfield code="c">2024.
							</subfield>
  </datafield>
  <datafield tag="500" ind1=" " ind2=" ">
    <subfield code="a">89</subfield>
  </datafield>
  <datafield tag="520" ind1=" " ind2=" ">
    <subfield code="a">Le rap est la deuxi&#xE8;me musique la plus &#xE9;cout&#xE9;e dans le monde. Cela seul justifierait d&#x2019;aller y voir de pr&#xE8;s. Ce succ&#xE8;s ne va pas de soi, si l&#x2019;on consid&#xE8;re que le rap s&#x2019;avance sous le signe de la transgression des codes officiels et des valeurs mainstream. Il correspond &#xE0; une rupture g&#xE9;n&#xE9;rationnelle qui n&#x2019;est pas sans rappeler celle qu&#x2019;a repr&#xE9;sent&#xE9;e le rock&#x2019;n&#x2019;roll dans les ann&#xE9;es cinquante et soixante. Le rap divise les familles comme le rock en son temps. Le ph&#xE9;nom&#xE8;ne est d&#x2019;autant plus remarquable que le rock repr&#xE9;sentait l&#x2019;appropriation-exploitation d&#x2019;un genre musical minoritaire, le blues d&#xE9;velopp&#xE9; par la minorit&#xE9; noire, par le courant majoritaire repr&#xE9;sent&#xE9; par la majorit&#xE9; blanche. Le rap, &#xE0; l&#x2019;oppos&#xE9;, est l&#x2019;embl&#xE8;me revendiqu&#xE9; d&#x2019;une culture minoritaire qui s&#x2019;impose &#xE0; la majorit&#xE9;. Rencontre avec l&#x2019;historienne et essayiste B&#xE9;n&#xE9;dicte Delorme-Montini, auteure de La Gloire du rap. Les derniers seront les premiers ().</subfield>
  </datafield>
  <datafield tag="786" ind1="0" ind2=" ">
    <subfield code="n">Revue des deux Mondes | Octobre | 7 | 2024-10-01 | p. 113-118 | 2266-4734</subfield>
  </datafield>
  <datafield tag="856" ind1="4" ind2="1">
    <subfield code="u">https://shs.cairn.info/revue-revue-des-deux-mondes-2024-7-page-113?lang=fr&amp;redirect-ssocas=7080</subfield>
  </datafield>
  <datafield tag="999" ind1=" " ind2=" ">
    <subfield code="c">1870055</subfield>
    <subfield code="d">1870055</subfield>
  </datafield>
</record>
